Table talk (Record no. 240657)
[ view plain ]
| 000 -LEADER | |
|---|---|
| fixed length control field | 00883nam a22002897a 4500 |
| 005 - DATE AND TIME OF LATEST TRANSACTION | |
| control field | 20251104145552.0 |
| 008 - FIXED-LENGTH DATA ELEMENTS--GENERAL INFORMATION | |
| fixed length control field | 251104b |||||||| |||| 00| 0 eng d |
| 020 ## - INTERNATIONAL STANDARD BOOK NUMBER | |
| International Standard Book Number | 9789387791244 |
| 040 ## - CATALOGING SOURCE | |
| Transcribing agency | AL |
| 041 ## - LANGUAGE CODE | |
| Language code of text/sound track or separate title | English |
| 082 ## - DEWEY DECIMAL CLASSIFICATION NUMBER | |
| Classification number | 650.1 |
| Item number | KAMT |
| 100 ## - MAIN ENTRY--PERSONAL NAME | |
| Personal name | Vinay Kamath Ed |
| 100 ## - MAIN ENTRY--PERSONAL NAME | |
| 9 (RLIN) | 243821 |
| 245 ## - TITLE STATEMENT | |
| Title | Table talk |
| Remainder of title | : conversations with leaders |
| 260 ## - PUBLICATION, DISTRIBUTION, ETC. | |
| Place of publication, distribution, etc. | Chennai |
| Name of publisher, distributor, etc. | THG Publishing Privathe Limited |
| Date of publication, distribution, etc. | 2025 |
| 300 ## - PHYSICAL DESCRIPTION | |
| Extent | 183p. |
| Other physical details | PB |
| Dimensions | 23x15cm. |
| 365 ## - TRADE PRICE | |
| Price type code | 695-2025/26 |
| Price amount | ₹239.00 |
| Currency code | ₹ |
| Unit of pricing | ₹299.00 |
| Price note | 20% |
| Price effective from | 07-10-2025 |
| 440 ## - SERIES STATEMENT/ADDED ENTRY--TITLE | |
| Title | The Hindu series |
| 9 (RLIN) | 243794 |
| 650 ## - SUBJECT ADDED ENTRY--TOPICAL TERM | |
| Topical term or geographic name entry element | Leadership |
| 9 (RLIN) | 243795 |
| 650 ## - SUBJECT ADDED ENTRY--TOPICAL TERM | |
| Topical term or geographic name entry element | Business people |
| 9 (RLIN) | 243796 |
| 650 ## - SUBJECT ADDED ENTRY--TOPICAL TERM | |
| Topical term or geographic name entry element | Interviews |
| 9 (RLIN) | 243797 |
| 650 ## - SUBJECT ADDED ENTRY--TOPICAL TERM | |
| Topical term or geographic name entry element | Success |
| 9 (RLIN) | 243798 |
| 700 ## - ADDED ENTRY--PERSONAL NAME | |
| Personal name | Rao,Parimala Ed |
| 9 (RLIN) | 243799 |
| 700 ## - ADDED ENTRY--PERSONAL NAME | |
| Personal name | Balaji,Indira Ed |
| 9 (RLIN) | 243800 |
| 700 ## - ADDED ENTRY--PERSONAL NAME | |
| Personal name | Rajkumar,Mythili Ed |
| 9 (RLIN) | 243801 |
| 700 ## - ADDED ENTRY--PERSONAL NAME | |
| Personal name | Revanna,Ananya Ed |
| 9 (RLIN) | 243802 |
| 942 ## - ADDED ENTRY ELEMENTS (KOHA) | |
| Source of classification or shelving scheme | Dewey Decimal Classification |
| Koha item type | Book |
| Withdrawn status | Lost status | Source of classification or shelving scheme | Damaged status | Not for loan | Collection code | Home library | Current library | Shelving location | Date acquired | Source of acquisition | Cost, normal purchase price | Total Checkouts | Full call number | Barcode | Date last seen | Date last checked out | Cost, replacement price | Price effective from | Koha item type |
|---|---|---|---|---|---|---|---|---|---|---|---|---|---|---|---|---|---|---|---|
| Dewey Decimal Classification | Political Science | St Aloysius Library | St Aloysius Library | Stack Section | 10/29/2025 | The Publishing Private Limited | 239.00 | 1 | 650.1 KAMT | 077941 | 03/23/2026 | 03/12/2026 | 299.00 | 10/07/2025 | Book |